EPIC The Musical : There Are Other Ways - Statistiques

Statistiques générales
  • Ce quiz a été pris 42 fois
  • Le résultat moyen est 311 sur 354
Statistiques - réponses
Hint Réponse % Correct
a
100%
are
100%
| Odysseus I
100%
in
100%
me
100%
of
100%
other
100%
persuasion
100%
so
100%
| Circe | Crew So
100%
the
100%
| Circe | Circe & Odysseus There
100%
to
100%
way
100%
ways
100%
way's
100%
You
100%
you,
100%
you
100%
your
100%
be
97%
have
97%
man
97%
much
97%
no
97%
No
97%
Oh,
97%
puppet
97%
woah
97%
you′re
97%
And
93%
and
93%
| Circe But
93%
but
93%
can't
93%
control
93%
for
93%
get
93%
home,
93%
home
93%
men
93%
men,
93%
my
93%
power,
93%
power
93%
there′s
93%
there's
93%
Circe This
93%
this
93%
Underworld
93%
wife
93%
will
93%
act
90%
all
90%
been
90%
dead
90%
ever
90%
here
90%
instead
90%
is
90%
It
90%
it′s
90%
leave
90%
let
90%
long
90%
many
90%
Penelope
90%
Poseidon,
90%
puppeteer
90%
puppeteer,
90%
She′s
90%
she's
90%
she′s
90%
us
90%
us?
90%
before
86%
beg
86%
Circe,
86%
everything,
86%
helping
86%
him
86%
I′ll
86%
I'll
86%
just
86%
know
86%
love
86%
not
86%
once
86%
passion
86%
Problem
86%
prophet
86%
road
86%
seen
86%
Show
86%
that
86%
Odysseus That
86%
Odysseus Wait,
86%
years
86%
from
83%
Odysseus I'm
83%
kindness
83%
learn
83%
mercy
83%
might
83%
modes
83%
more
83%
one
83%
puppets
83%
since
83%
soul
83%
twelve
83%
yeah
83%
actions
79%
at
79%
Back
79%
life
79%
Maybe
79%
maybe
79%
we
79%
world
79%
Circe Ah,
76%
awaits
76%
brilliant
76%
burn,
76%
down
76%
end
76%
fire?
76%
God
76%
need
76%
player,
76%
save
76%
Want
76%
willing
76%
evade
72%
final
72%
means
72%
now
72%
price
72%
eh?
69%
grant
69%
last
69%
Leads
69%
out
69%
pay
69%
release
69%
day,
66%
Odysseus Forgive
66%
I′ve
66%
left
66%
Or
66%
remember
66%
Tides
66%
roads
62%
showing
62%
souls
62%
dangerous
59%
deceit
59%
hope
59%
made
59%
mistakes
59%
Odysseus Mistakes
59%
past
59%
Though
59%
Circe Think
55%
very
55%
kinder
52%
make?
52%
Circe Don't
48%
they
48%
afraid
45%
line
41%
break
38%
never
38%
say,
38%
Odysseus Who's
38%
with
38%
enough
34%
when
34%
options
17%
Aucun quiz correspondant
Distribution des résultats
% des personnes avec chaque résultat
Percentile par nombre de réponses
Votre historique - résultats
Vous n’avez pas pris ce quiz